| 000 -ლიდერი |
| ფიქსირებული სიგრძის საკონტროლო ველი |
01106nam a2200217Ia 4500 |
| 001 - საკონტროლო ნომერი |
| საკონტროლო ველი |
23476 |
| 003 - საკონტროლო ნომრის იდენტიფიკატორი |
| საკონტროლო ველი |
GE_BSU |
| 005 - ბოლო ოპერაციის თარიღი და დრო |
| საკონტროლო ველი |
20260126152353.0 |
| 008 - ფიქსირებული სიგრძის მონაცემთა ელემენტები - ზოგადი ინფორმაცია |
| ფიქსირებული სიგრძის საკონტროლო ველი |
181216s1978||||ge |||||||||||||| ||geo|| |
| 040 ## - კატალოგიზაციის წყარო |
| Transcribing agency |
GE_BSU |
| 041 ## - ენის კოდი |
| Language code of text/sound track or separate title |
geo |
| 100 ## - მთავარი ჩანაწერი - პიროვნების სახელი |
| Personal name |
რეხვიაშვილი, მიხეილ |
| 9 (RLIN) |
26716 |
| 245 ## - ცნობა სათაურის შესახებ |
| Title |
დასავლეთი საქართველო XVII საუკუნეში : |
| Remainder of title |
ნარკვევები / |
| Statement of responsibility, etc |
მიხეილ რეხვიაშვილი ; რედ. : მ. ლორთქიფანიძე. |
| 264 ## - წარმოების, გამოცემის, დისტრიბუციის და სხვა ცნობები |
| გამოცემის, წარმოების, დისტრიბუციის... ადგილი |
თბილისი : |
| გამოცემის, წარმოების, დისტრიბუციის... სახელწოდება |
თბილ. უნ-ტის გამ-ბა, |
| გამოცემის, წარმოების, დისტრიბუციის... თარიღი |
197. |
| 300 ## - ფიზიკური აღწერა |
| Extent |
206 გვ. : |
| Other physical details |
11 ფ. ილ. ; |
| Dimensions |
22 სმ. |
| 653 ## - INDEX TERM--UNCONTROLLED |
| Uncontrolled term |
დასავლეთ საქართველოს ისტორია, XVII ს. |
| 653 ## - INDEX TERM--UNCONTROLLED |
| Uncontrolled term |
დასავლეთი საქართველო XVII საუკუნეში : ნარკვევები |
| 700 ## - ADDED ENTRY--PERSONAL NAME |
| Personal name |
ლორთქიფანიძე, მ. |
| Relator term |
რედაქტორი |
| 9 (RLIN) |
473 |
| 942 ## - ADDED ENTRY ELEMENTS (KOHA) |
| Koha item type |
წიგნი |
| Source of classification or shelving scheme |
|